000 01457nam a2200361 i 4500
001 bg
100 1 _aTAYLOR, Charles
_d(1931- )
245 1 0 _aŹródła podmiotowości :
_bnarodziny tożsamości nowoczesnej /
_cCharles Taylor ; przeł. Marcin Gruszczyński [et al.] ; nauk. oprac. Tadeusz Gadacz ; wstępem poprzedziła Agata Bielik-Robson.
246 _iTyt. oryg.:
_aSources of the self : the making of the modern identity
260 _aWarszawa :
_bWydaw. Naukowe PWN,
_c2001.
300 _aLIV, 995, [2] s. ;
_c20 cm.
490 1 _aBiblioteka Współczesnych Filozofów
500 _aTyt. oryg.: "Sources of the self : the making of the modern identity" 1994.
504 _aIndeksy.
521 _aPodręcznik akademicki.
650 9 _aAntropologia filozoficzna
650 9 _aDobro
_xfilozofia
650 9 _aKultura
_xfilozofia
650 9 _aTeoria poznania
655 _aPodręczniki akademickie
700 1 _aGRUSZCZYŃSKI, Marcin.
_eTł.
700 1 _aGADACZ, Tadeusz
_d(1955- ).
_eOprac.
700 1 _aBIELIK-ROBSON, Agata.
_ePrzedm.
830 _aBiblioteka Współczesnych Filozofów
020 _a8301131349
040 _cBPK
041 1 _apol
_heng
080 _a165:130.2:111.84](075.8)
920 _a83-01-13134-9
942 _cKS
008 s pl f |000 0 pol
999 _c43524
_d43524
856 _uhttp://koha.tu.koszalin.pl/cgi-bin/koha/opac-detail.pl?biblionumber=43524
_yKatalog online BPK